Afrikanische Millionenstädte - Sudden Death - Statistiken

Allgemein
  • Dieses Quiz wurde 267 mal gespielt
  • Das Durchschnittsergebnis liegt bei 3 aus 15
Answers on the Grid
Answers color-coded by a green-red scale on the quiz's grid according to % correct below.
Bobo-Dioulasso
Bukavu
Bulawayo
Douala
Ekurhuleni
Fès
Gaborone
Garoua
Gizeh
Gondar
Ibadan
Juba
Kigali
Kisangani
Kitwe
Kumasi
Lagos
Libreville
Lomé
Lubumbashi
Maputo
Matola
Nakuru
Omdurman
Onitsha
Oran
Pikine
Praia
Sues
Tamale
 
Antwortstatistiken
Antwort % Korrekt
Lagos
73%
Kigali
39%
Gizeh
36%
Lomé
32%
Maputo
31%
Douala
26%
Fès
22%
Ibadan
16%
Kumasi
14%
Lubumbashi
13%
Kisangani
8%
Onitsha
3%
Ekurhuleni
2%
Matola
1%
Omdurman
1%
Keine übereinstimmenden Quizze gefunden
Verteilung der Resultate
Anzahl Personen mit jedem Resultat
Perzentil nach korrekt beantworteten Fragen
Ihre Resultats-Entwicklung
Sie haben dieses Quiz noch nicht gespielt